000 00481nam a2200205Ia 4500
005 20250425161523.0
008 250425s9999 xx 000 0 und d
041 _aspa
082 _a551.460072
245 0 _aPROYECTO CEPE-ESPOL
250 _a1A ED.
260 _aEcuador
_bESPOL
_c1981
260 _aGUAYAQUIL
650 _aCIMENTACIONES
650 _aCONSTRUCCION PREFABRICADA
650 _aRELLENOS HIDRAULICOS
650 _aSUELOS
942 _c01
010 _a22112
999 _c210843
_d210843